LEADER 01109nam0-22003371i-450- 001 990002902530403321 010 $a1-901615-28-6 035 $a000290253 035 $aFED01000290253 035 $a(Aleph)000290253FED01 035 $a000290253 100 $a20000920d1998----km-y0itay50------ba 101 0 $aENG 200 1 $aInvestment policy for defined contribution pension scheme members close to retirement$fPhilip Booth and Yakoub Yakoubov 210 $aLondon$cCity University$d1998 215 $a41 p.$d29 cm 225 1 $aActuarial research paper$fDepartment of Actuarial Science and Statistics / City University London$v110 610 0 $aMatematica attuariale 610 0 $aFondi pensione 610 0 $aAssicurazioni 676 $a368.4 700 1$aBooth,$bPhilip$032987 702 1$aYakoubov,$bYakoub 801 0$aIT$bUNINA$gRICA$2UNIMARC 901 $aBK 912 $a990002902530403321 952 $aMVI-B-22$b7110$fMAS 959 $aMAS 996 $aInvestment policy for defined contribution pension scheme members close to retirement$9466462 997 $aUNINA DB $aING01 LEADER 01144nam0-2200385---450 001 990008528130403321 005 20190423144944.0 010 $a981-238-830-3$bvol. 1 035 $a000852813 035 $aFED01000852813 035 $a(Aleph)000852813FED01 035 $a000852813 100 $a20070614d2004----km-y0itay50------ba 101 0 $aeng 102 $aUS 105 $aa-------001yy 200 1 $aPrinciples of quantum computation and information$fGiuliano Benenti and Giulio Casati, Giuliano Strini 210 $aNew Jersey [etc.]$cWorld Scientific$dc2004 215 $av.$cill.$d23 cm 327 0 $a1.: Basic concepts 610 0 $aQuantum computing 610 0 $aAstronomia 610 0 $aAstrofisica 610 0 $aCosmologia 700 1$aBenenti,$bGiuliano$0306345 701 1$aCasati,$bGiulio$07721 701 1$aStrini,$bGiuliano$0502320 801 0$aIT$bUNINA$gRICA$2UNIMARC 901 $aBK 912 $a990008528130403321 952 $a22D-011$bD.S.F. 8906$fFI1 952 $a22D-011.001$b24924$fFI1 959 $aFI1 996 $aPrinciples of quantum computation and information$9733398 997 $aUNINA